On This Day: July 2nd Quiz Stats

 Plays Quiz Updated Jul 2, 2017

Support Sporcle.
Go Orange.
Score 0/7 Timer 03:00
5 Plays Today
Question Answer Wrong Answers
The first of these stores, founded by Sam Walton, opens for business in Rogers, Arkansas.
1962
Walmart
87.4%
Target
2.3%
Home Depot
2.3%
Costco
2.2%
This American actor and TV producer, the creator of the show ‘Curb Your Enthusiasm’, is born.
1947
Larry David
76.7%
Jerry Seinfeld
10.2%
Jeff Garlin
2.5%
Jerry Stiller
5.8%
British-Italian engineer Guglielmo Marconi obtains a patent for this in London.
1897
Radio
75.2%
X-Rays
8.9%
Combustible Engine
10.3%
Alternating Current
4%
The ______ adopts a resolution severing ties with the Kingdom of Great Britain, although the wording of the formal Declaration of Independence is not approved until two days later.
1776
Continental Congress
74.5%
United Confederation
9.9%
Colonial Congress
9.2%
Congress of Freedom
6.3%
The AbioCor self-contained artificial ______ is first implanted.
2001
Heart
53.9%
Lung
20.9%
Brain
5%
Eye
13.5%
The Nazi regime’s series of political executions intended to consolidate Hitler's absolute power in Germany ends with the death of Ernst Röhm. The event is known as the ______.
1934
Night of the Long Knives
48.9%
Great Terror
5.2%
Reign of Terror
17.4%
Great Purge
25.4%
This man is elected President of Mexico, the first from an opposition party in more than 70 years.
2000
Vicente Fox Quesada
44.3%
Felipe Calderón
29.3%
Enrique Peña Nieto
14.7%
Carlos Salinas de Gortari
5.4%

You're not logged in!

Compare scores with friends on all Sporcle quizzes.
OR
Log In
Forgot?

From the Vault

Name That 'Ography'

by Ben

The science or study of Sporcle users? Sporcography.
Remove Ads.
Support Sporcle.
Get the best of Sporcle when you Go Orange. This ad-free experience offers more features, more stats, and more fun while also helping to support Sporcle. Thank you for becoming a member.

Show Comments

Extras

Top Quizzes Today


Score Distribution

Your Account Isn't Verified!

In order to create a playlist on Sporcle, you need to verify the email address you used during registration. Go to your Sporcle Settings to finish the process.

Report this User

Report this user for behavior that violates our Community Guidelines.

Details: